01188nam a22003017a 4500003000900000005001700009008003700026020001500063040002200078082001500100100001600115245015400131260006800285300003000353490003200383700002600415700002400441700002800465700003400493700003800527830003100565910001100596942001200607945003300619952017500652956004200827999001700869DO-SdBNP20171206095838.0161031b 1996 xxu a 00| 0 spa d a0673769674 aBPMSUbspacBPMSU axxxxbP9951 aPye, Trevor10aEn el patio /cTrevor Pye ; adaptación Vivian Cuesta ; traducción Olivia Ruiz, Patricia Almada, Lourdes Davis Machado, Roni Capin Rivera Ashford. aEstados Unidos : bCelebration Press, bScott Foresman, c1996. a16 p. : bil. ; c18 cm. 1 aPequeñitas celebraciones 12aCuesta, Vivianeadap.12aRuiz, Oliviaetrad.12aAlmada, Patriciaetrad.12aDavis Machado, Lourdesetrad.12aRivera Ashford, Roni Capinetrad. 0aPequeñitas celebraciones a000144 2ddccBK ainventariado extranjero / DG 00102ddc40708CI-GaBPMETbBPMETd2017-11-03eDonado por la Biblioteca Infantil Juvenil República Dominicanal0oxxxx P995pBPMSU17110036r2017-11-03w2017-11-03yBK 2YLOCKWARD3108BPMSUaYngrid Lockward c12755d12755